000 00737nam a2200145Ia 4500
008 171212s9999 xx 000 0 und d
020 _a9781925022872
100 _aFerrier, Åsa
245 _cFerrier, Åsa
_aJourneys into the Rainforest
_bArchaeology of Culture Change and Continuity on the Evelyn Tableland, North Queensland
260 _bANU E Press
_c2015
440 _aTerra Australis
650 _aArchaeology
650 _aHuman settlements -- Queensland -- Evelyn Tableland -- Antiquities; Rain forests -- Queensland -- Evelyn Tableland -- Antiquities; Aboriginal Australians -- Queensland -- Evelyn Tableland -- Social life and customs; Excavations (Archaeology) -- Queensland
856 _uhttp://jstor.org/stable/j.ctt19w71qx
999 _c351179
_d351179